| 000 | 00423nam a2200169Ia 4500 | ||
|---|---|---|---|
| 008 | 230524s9999 xx 000 0 und d | ||
| 082 |
_a6210382 _bPIT |
||
| 100 | _aDonald Pitts | ||
| 245 | 0 | _aSchaum's Heat Transfer (Theory and Problems) | |
| 250 | _a2ND | ||
| 260 |
_aNEW DELHI _bTMH _c2004 |
||
| 300 | _aVII;361 | ||
| 500 | _aQuantity Number: 2 | ||
| 650 | _aElectrical | ||
| 700 | _a Leighton Sissom | ||
| 942 | _cBK | ||
| 999 |
_c37221 _d37221 |
||